[Event "ESTCC U65 2018"]
[Site "Walbrzych"]
[Date "2018.04.15"]
[Round "2"]
[White "Balashov, Yuri S"]
[Black "Westerinen, Heikki M J"]
[Result "1/2-1/2"]
[WhiteElo "2421"]
[BlackElo "2308"]
[Annotator "TA"]
[PlyCount "73"]
[EventDate "2018.??.??"]
[EventCountry "POL"]
[SourceTitle "playchess.com"]
[Source "ChessBase"]
[SourceQuality "1"]
[WhiteTeam "Russia"]
[BlackTeam "Finland"]
[WhiteTeamCountry "RUS"]
[BlackTeamCountry "FIN"]

{[%evp 15,73,17,40,55,61,47,54,54,97,93,91,81,108,61,76,76,76,72,72,38,54,56,52,50,50,45,54,25,25,25,25,24,22,19,27,24,31,31,34,0,0,0,0,0,2,6,1,0,0,0,0,0,0,0,0,0,0,0,18,18]} 1. d4 d5 2. c4 dxc4 3. e3 e5 4. Bxc4 exd4 5. exd4 Nf6 6. Nf3 Bd6 7. O-O O-O 8. Nc3 c6 {LiveBook: 3 Games. D20: Queen's Gambit Accepted: 3 e3 and 3 e4} (8... Nc6 9. h3 h6 10. Re1 Bf5 11. a3 Re8 12. Rxe8+ Qxe8 13. Nb5 Qd7 14. Nxd6 Qxd6 15. Qb3 Be6 16. Bxe6 fxe6 17. Bf4 Qd5 18. Qxb7 Nxd4 19. Qxd5 Nxd5 20. Nxd4 Nxf4 {½-½ (59) Zvjaginsev,V (2673)-Popov,I (2596) Moscow 2016}) 9. Re1 Nbd7 10. Bg5 h6 {White is slightly better.} 11. Bh4 g5 $146 ({Predecessor:} 11... Qa5 12. Bg3 Bxg3 13. hxg3 Nb6 14. Bb3 Bg4 15. Re7 Rad8 16. Rxb7 c5 {0-1 (29) Ankhchimeg,B (2180)-Medina,W (2412) Al Ain 2015}) 12. Bg3 Nb6 13. Bb3 Bxg3 14. hxg3 Bg4 15. Qd3 Nbd5 16. Ne5 Be6 17. Qf3 Kg7 18. Na4 Qc7 19. Nc5 Rae8 20. Rac1 Bc8 21. Bxd5 Nxd5 22. Qxd5 cxd5 {[#]} 23. Ne6+ $1 {[%mdl 512]} Rxe6 (23... Bxe6 24. Rxc7) 24. Rxc7 Rb6 $1 25. b3 Rb4 26. Rd1 Be6 27. Rd3 (27. Nd7 {feels hotter.} Bxd7 28. Rxd7 a5 29. Rd3 a4 30. g4) 27... Rc8 {The position is equal.} 28. Rxc8 Bxc8 $11 {[%mdl 4096] Endgame KRB-KRN} 29. a3 Rb6 30. Rc3 Be6 31. b4 Kf8 32. f3 Ke7 33. g4 Kd6 (33... f6 $5 34. Nd3 $8 Rc6 35. Rxc6 bxc6 $11) 34. Kf2 f6 35. Nd3 Rc6 36. Nc5 b6 37. Nb7+ {Precision: White = 78%, Black = 56%.} 1/2-1/2

[Event "ESTCC U65 2018"]
[Site "Walbrzych"]
[Date "2018.04.15"]
[Round "2"]
[White "Tunik, Gennady"]
[Black "Vinke, Dietmar"]
[Result "1-0"]
[WhiteElo "2351"]
[BlackElo "2170"]
[Annotator "TA"]
[PlyCount "121"]
[EventDate "2018.??.??"]
[EventCountry "POL"]
[SourceTitle "playchess.com"]
[Source "ChessBase"]
[SourceQuality "1"]
[WhiteTeam "Russia"]
[BlackTeam "Finland"]
[WhiteTeamCountry "RUS"]
[BlackTeamCountry "FIN"]

{[%evp 21,121,44,66,67,112,70,81,66,82,72,77,81,95,103,92,97,97,98,106,83,92,73,87,91,84,83,105,106,108,96,124,89,89,85,86,79,88,29,95,14,14,14,14,14,16,24,426,342,662,0,0,0,0,0,0,0,0,0,41,56,83,78,49,39,27,34,194,174,164,64,83,88,84,145,154,158,279,187,360,364,377,355,509,509,549,533,533,526,519,508,491,479,12841,12841,12840,12840,12841,12841,12841,12841,12841,12841]} 1. d4 Nf6 2. c4 g6 3. Nc3 Bg7 4. e4 d6 5. Nf3 O-O 6. Be2 e5 7. Be3 Ng4 8. Bg5 f6 9. Bh4 g5 10. Bg3 Nh6 11. dxe5 fxe5 {LiveBook: 31 Games} 12. h3 {E92: King's Indian: Classical: 6 Be2 e5: 7 dxe5, 7 Be3 and Petrosian System without 7...Nbd7} (12. h4 g4 13. Ng5 Nc6 14. c5 Nd4 15. cxd6 Qxd6 16. Nb5 Qb4+ 17. Qd2 Nc2+ 18. Kd1 Qxd2+ 19. Kxd2 Nxa1 {½-½ (31) Wagner,D (2571)-Fier,A (2624) Drancy 2016}) 12... Nd7 $146 ({Predecessor:} 12... Nc6 13. c5 dxc5 14. Qxd8 Rxd8 15. Nd5 Nf7 16. Nxc7 Rb8 17. Bc4 h6 18. O-O Kf8 19. Rfd1 Nd4 20. Nxd4 Rxd4 {½-½ (47) Kolomytchenko,I (2215)-Robledo,M (2157) ICCF email 2012}) 13. Qd2 Nf7 14. Nh2 {[%cal Bf3h2,Bh2f1,Bf1e3][%mdl 32] White is better.} Nc5 {[%cal Bd7c5,Bc5e6,Be6f4][%mdl 32]} 15. Bg4 Ne6 16. Nf1 Nf4 17. Ne3 h5 18. Bxc8 Rxc8 19. f3 h4 20. Bh2 a6 21. O-O Ne6 22. Kh1 Nd4 23. Ne2 c5 24. Nc3 b5 25. Ncd5 b4 26. Qd1 a5 27. a3 b3 28. Bg1 a4 29. Bf2 (29. Qd2 $16) 29... Rb8 (29... Nh8 $11 {keeps the balance.}) 30. Be1 ({White should play} 30. Qd2 $16) 30... Nh8 $11 31. Bc3 Ng6 32. Bxd4 exd4 33. Nf5 {Black must now prevent f4.} Be5 $2 {[%mdl 8192] [#]} (33... Nf4 $11) 34. f4 $1 $18 {[%mdl 512]} Nxf4 $2 (34... Rxf5 35. exf5 Nxf4 36. Rxf4 gxf4) (34... Bxf4 35. Qh5) 35. Nde7+ $2 (35. Nxf4 gxf4 36. Qg4+ Kf7 $14) (35. Nfe7+ $18 Kg7 36. Qg4) 35... Kf7 $1 $11 36. Qg4 Rb7 $1 {[%cal Rb7e7]} 37. Qxg5 Rxe7 38. Rxf4 Bxf4 39. Qxf4 Re6 40. Nxd4+ $1 Rf6 41. Nf5 Rxf5 42. Qxf5+ $16 {[%mdl 4096] Endgame KQR-KQR} Kg7 $1 43. Qg4+ Kh7 $2 {[#]} (43... Kh6 $1 $14) 44. e5 $1 $18 {[%mdl 512]} dxe5 45. Rd1 (45. Qh5+ $18 Kg8 46. Qxe5) 45... Qf6 $14 {[#]} 46. Qd7+ $1 Rf7 47. Qxa4 Qf2 48. Qe8 $36 {[%mdl 2048] White is in control.} Qf6 (48... Qf4 $16 49. a4 Qxc4) 49. Re1 Re7 $2 (49... Qf4 {was worth a try.} 50. a4 (50. Qxe5 Qxe5 51. Rxe5 Rf2 $18) 50... Kg7) 50. Qh5+ $18 Qh6 51. Qf3 e4 (51... Qg5 {keeps fighting.} 52. Qe4+ Kh6 53. Qc6+ Kh7 54. Qe4+ Kh8) 52. Rxe4 {White is clearly winning.} Qc1+ 53. Kh2 Rxe4 54. Qxe4+ {KQ-KQ} Kg7 55. Qb7+ Kh6 56. Qxb3 Qe1 (56... Qf4+ $142 57. Kg1 Qd4+ 58. Kf1 Kg6 59. Qc2+ Kg5) 57. Qb6+ Kh7 58. Qxc5 Qg3+ 59. Kh1 Qe1+ 60. Qg1 Qe5 61. Qc1 {Precision: White = 79%, Black = 38%.} 1-0

[Event "ESTCC U65 2018"]
[Site "Walbrzych"]
[Date "2018.04.15"]
[Round "2"]
[White "Baum, Bernd"]
[Black "Hohler, Peter"]
[Result "1-0"]
[WhiteElo "2290"]
[BlackElo "2076"]
[Annotator "TA"]
[PlyCount "119"]
[EventDate "2018.??.??"]
[EventCountry "POL"]
[SourceTitle "playchess.com"]
[Source "ChessBase"]
[SourceQuality "1"]
[WhiteTeam "Germany"]
[BlackTeam "Switzerland"]
[WhiteTeamCountry "GER"]
[BlackTeamCountry "SUI"]

{[%evp 24,119,3,0,24,25,23,25,19,17,35,27,46,38,58,50,53,43,41,35,65,30,30,0,0,-81,46,0,27,27,26,36,33,33,41,27,66,58,74,41,122,122,120,100,99,102,99,100,102,99,131,116,125,98,143,147,148,124,147,109,109,109,162,115,73,60,83,66,74,73,256,202,475,438,446,351,849,680,1038,1029,948,904,1122,980,1080,1008,2773,2418,12843,12840,12841,12841,12842,12842,12842,12843,12841,12841]} 1. c4 Nf6 2. g3 e6 3. Bg2 d5 4. Nf3 Be7 5. O-O O-O 6. b3 c5 7. Bb2 Nc6 8. e3 b6 9. Nc3 Ba6 10. d3 Rc8 11. Qe2 {A14: English Opening: 1...e6 with b3 by White} Qc7 (11... Qd7 12. Rad1 Rfd8 13. h3 Qe8 14. Rfe1 h6 15. a3 Bb7 16. Qc2 Rd7 17. Ne2 Nh7 18. h4 Bf6 19. cxd5 Rxd5 {½-½ (48) Eljanov,P (2739)-Harikrishna,P (2752) Baku 2016}) 12. Rfd1 Rfd8 13. Rac1 {LiveBook: 16 Games. The position is equal.} dxc4 14. bxc4 Qb8 15. Ne1 $146 ({Predecessor:} 15. Qc2 Nb4 16. Qb1 Rd7 17. Ne2 Nc6 18. Nf4 {1-0 (77) Csiba,D (2363)-Kostolansky,S (1984) Slovakia 2017}) 15... Bb7 16. f4 Ne8 17. Nf3 Bf6 18. g4 {[%cal Bg3g4,Bg4g5][%mdl 32]} Nd6 19. g5 Bxc3 20. Bxc3 Nf5 21. Rb1 Qa8 22. a4 Rd7 23. Nd2 Rcd8 24. Ne4 {[#]} (24. Be4 $11 {remains equal.}) 24... Nce7 (24... Nb4 $1 $17 {[%cal Rb4d3]} 25. Bxb4 cxb4) 25. Rd2 (25. a5 {feels hotter.} Nd6 26. axb6 Nxe4 27. dxe4 axb6 28. Rxd7 Rxd7 29. Rxb6 Nc8 30. Rb1) 25... Nd6 (25... Ng6 {keeps more tension.} 26. a5 Ngh4 27. Bh1 Nd6 28. Rbd1 Nxe4 29. dxe4 Rxd2 30. Rxd2 Rxd2 31. Qxd2 h6) 26. Nxd6 Bxg2 27. Qxg2 Qxg2+ 28. Kxg2 {And now Ne4 would win.} Rxd6 29. Rbd1 $1 Nf5 30. Kf2 R6d7 31. Ke2 Nd6 ({Black should play} 31... h6 $14) 32. Rb1 $16 Nb7 {[#]} 33. a5 $1 {[%mdl 512]} Nxa5 (33... bxa5 34. Rdb2) 34. Bxa5 bxa5 {[%mdl 4096] Endgame KRR-KRR} 35. Rb5 Rc7 36. Rxa5 Rb8 37. Rda2 Rbb7 38. Kd2 Kf8 39. Kc3 Ke7 40. Ra6 Kd7 41. d4 cxd4+ 42. exd4 Kc8 (42... g6 $16 {was necessary.}) 43. c5 Kb8 44. R6a3 (44. Kd3 {seems wilder.} Rb4 45. R2a4 Rb3+ 46. Ke4 Rb2 47. Ra2) 44... Rb1 45. Rb2+ Rxb2 46. Kxb2 $14 {KR-KR} f6 $2 (46... Rd7 $16) 47. Re3 $18 Rc6 $2 (47... fxg5 {is a better defense.} 48. fxg5 Re7) 48. Kb3 Kc8 49. Kb4 a6 $2 (49... fxg5 50. fxg5 g6) 50. Rh3 {White is clearly winning.} fxg5 51. fxg5 Rc7 52. Rxh7 Kb7 53. h4 {[%cal Bh2h4,Bh4h5,Bh5h6,Bh6h7][%mdl 32]} Kc6 54. h5 Kd5 55. h6 Kxd4 56. Rxg7 Rc8 57. Rd7+ Ke5 58. h7 Kf5 59. Rg7 Rh8 60. g6 {Precision: White = 66%, Black = 24%.} 1-0

[Event "ESTCC U65 2018"]
[Site "Walbrzych"]
[Date "2018.04.15"]
[Round "2"]
[White "Jorgensen, Brian Jorgen"]
[Black "Scrimgour, Alan"]
[Result "1/2-1/2"]
[WhiteElo "2255"]
[BlackElo "2083"]
[Annotator "TA"]
[PlyCount "60"]
[EventDate "2018.??.??"]
[EventCountry "POL"]
[SourceTitle "playchess.com"]
[Source "ChessBase"]
[SourceQuality "1"]
[WhiteTeam "Denmark"]
[BlackTeam "Scotland"]
[WhiteTeamCountry "DEN"]
[BlackTeamCountry "SCO"]

{[%evp 23,60,0,2,0,-5,6,2,7,8,0,0,0,0,0,0,0,5,0,0,0,6,0,12,18,8,8,13,9,17,0,0,0,0,0,0,0,0,0,0]} 1. Nf3 Nf6 2. c4 e6 3. g3 b6 4. Bg2 Bb7 5. O-O Be7 6. b3 O-O 7. Bb2 c5 8. Nc3 d5 9. cxd5 Nxd5 10. Rc1 Bf6 11. Qc2 Nxc3 12. Bxc3 Nc6 {LiveBook: 3 Games. The position is equal.} 13. Rfd1 {A14: English Opening: 1...e6 with b3 by White} Rc8 (13... Rb8 {with more complications.} 14. e3 e5 15. h4 Qd6 16. a3 Rfd8) (13... Qe7 14. d4 Nxd4 15. Nxd4 Bxg2 16. Kxg2 cxd4 17. Bxd4 Qb7+ 18. Kg1 Rac8 {½-½ (18) Speelman,J (2597)-Dautov,R (2597) Germany 1999}) 14. Qb2 Bxc3 15. dxc3 Qe7 $146 ({Predecessor:} 15... Qc7 16. Qc2 h6 17. Rd2 Rfd8 18. Rcd1 Rxd2 19. Rxd2 Rd8 20. Qd1 Rxd2 21. Qxd2 {½-½ (21) Donnely,B-Pandavos,E (2290) Thessaloniki 1984}) 16. h4 h6 17. Qc2 Rfd8 18. Rxd8+ Rxd8 19. Rd1 Rd6 20. Rxd6 Qxd6 21. Nd2 Qd7 22. Nc4 b5 23. Qd2 Qxd2 24. Nxd2 $11 {[%mdl 4096] Endgame KBN-KBN} f5 25. f4 Kf8 26. e4 b4 27. cxb4 Nxb4 28. exf5 Bxg2 29. Kxg2 exf5 30. a3 Nc2 {Precision: White = 48%, Black = 51%.} 1/2-1/2

[Event "ESTCC U65 2018"]
[Site "Walbrzych"]
[Date "2018.04.15"]
[Round "2"]
[White "Vucenovic, Dragomir"]
[Black "Buchal, Stephan"]
[Result "0-1"]
[WhiteElo "2248"]
[BlackElo "2310"]
[Annotator "TA"]
[PlyCount "76"]
[EventDate "2018.??.??"]
[EventCountry "POL"]
[SourceTitle "playchess.com"]
[Source "ChessBase"]
[SourceQuality "1"]
[WhiteTeam "Switzerland"]
[BlackTeam "Germany"]
[WhiteTeamCountry "SUI"]
[BlackTeamCountry "GER"]

{[%evp 20,76,36,15,20,0,10,0,1,-15,-7,-8,8,-8,-12,-6,-5,-13,-16,-38,-39,-62,-52,-54,-48,-98,-96,-79,-76,-75,-79,-130,-138,-156,-137,-153,-106,-135,-23,-147,-159,-157,-147,-179,-192,-176,-169,-345,-338,-477,-450,-604,-580,-618,-546,-716,-687,-1715,-1707]} 1. d4 g6 2. Nf3 Bg7 3. g3 Nf6 4. Bg2 O-O 5. O-O d6 6. c4 Nc6 7. Nc3 a6 8. Re1 Rb8 9. Rb1 e5 {E63: King's Indian: Fianchetto: Panno Variation with 7...a6} (9... Na5 10. b3 b5 11. cxb5 axb5 12. e4 b4 13. Na4 d5 14. e5 Ne4 15. Be3 Bd7 16. Nd2 Nc3 17. Nxc3 bxc3 {1-0 (27) Svidler,P (2765)-Amin,B (2689) Riadh 2017}) 10. d5 Ne7 11. e4 {LiveBook: 6 Games} b5 {The position is equal.} 12. cxb5 axb5 13. b4 Bd7 14. Qd3 Qc8 15. Bd2 $146 ({Find the theoretical novelty and annotate with similar games:} 15. Bb2 Qb7 16. Nd2 Bh6 17. Nb3 Qa7 {1-0 (71) Voloshin,L (2456)-Braun,M (2153) Czechia 2011}) 15... Rd8 16. Rec1 Qb7 17. Bg5 h6 18. Bxf6 Bxf6 19. Rd1 Bg7 20. h3 f5 21. Nd2 Rf8 22. a4 bxa4 23. b5 Ra8 24. Nc4 Nc8 25. Na3 ({White should try} 25. Rb4) 25... Nb6 $17 26. Rb4 Rf7 27. Rd2 {[%cal Bd1d2,Bd2c2,Bc2c6][%mdl 32]} Kh8 28. Rc2 Raf8 ({Better is} 28... f4 $17 {...fxg3 is the strong threat.} 29. Nd1 Kh7) 29. Nd1 (29. Nxa4 $11 {remains equal.} fxe4 30. Bxe4) 29... fxe4 30. Bxe4 Bxh3 31. Rc6 Nd7 32. Bxg6 Rf3 {[%cal Bf7f3,Bf3a3,Ba3a1][%mdl 32]} 33. Qd2 $2 {[#]} (33. Qb1) 33... R8f6 $19 ({Don't play} 33... Rxa3 34. Qc1 $19) 34. Rh4 (34. b6 {was called for.} Nxb6 35. Bd3) 34... Rxg6 {Black is clearly winning.} 35. Rxh3 Rxa3 36. Qc2 Nf8 37. Rxc7 Qxd5 {[#] White must now prevent ...Ra1.} 38. Rc8 Ra1 {Precision: White = 31%, Black = 71%.} 0-1

[Event "ESTCC U65 2018"]
[Site "Walbrzych"]
[Date "2018.04.15"]
[Round "2"]
[White "Hurme, Harri"]
[Black "Zhelnin, Vladimir V"]
[Result "1-0"]
[WhiteElo "2229"]
[BlackElo "2458"]
[Annotator "TA"]
[PlyCount "79"]
[EventDate "2018.??.??"]
[EventCountry "POL"]
[SourceTitle "playchess.com"]
[Source "ChessBase"]
[SourceQuality "1"]
[WhiteTeam "Finland"]
[BlackTeam "Russia"]
[WhiteTeamCountry "FIN"]
[BlackTeamCountry "RUS"]

{[%evp 16,79,32,35,39,0,0,0,0,-23,-8,-9,-19,-37,0,0,0,0,-4,-67,-62,-53,-21,-33,0,0,0,-49,-49,-52,-51,-52,-52,-57,-60,-63,-62,-50,-16,-16,-14,-12,-16,-26,0,0,0,0,0,0,4,4,79,71,83,43,188,186,164,75,212,193,29984,29985,12845,12845]} 1. d4 Nf6 2. c4 g6 3. Nc3 Bg7 4. e4 d6 5. h3 O-O 6. Bg5 c5 7. d5 Qa5 8. Qd2 a6 {E71: King's Indian: 4 e4 d6 5 h3} (8... e6 9. Bd3 exd5 10. cxd5 Re8 11. Nf3 c4 12. Bc2 b5 13. O-O b4 14. Ne2 Ba6 15. Ng3 Nbd7 16. Rfe1 {0-1 (57) Stojanovic,M (2550)-Damljanovic,B (2535) Yugoslavia 2003}) 9. Bd3 {LiveBook: 3 Games} b5 10. Nge2 {[%cal Rc4b5]} ({Of course not} 10. cxb5 axb5 11. Nf3 c4 $15) 10... Nbd7 {The position is equal.} 11. f4 bxc4 12. Bxc4 Qb4 $146 ({Predecessor:} 12... Nb6 13. Bd3 e6 14. dxe6 Bxe6 15. O-O Rab8 16. b3 {1-0 (24) Roettgen,J (2205)-Richter,C (2085) Wiesbaden 1998}) 13. Bd3 c4 14. a3 Qc5 15. Bc2 Rb8 16. Rb1 e6 17. Bh4 ({Better is} 17. dxe6 $11 fxe6 18. Bh4) 17... exd5 $15 18. Bf2 Qc7 $36 {[%mdl 2048] ...Nxe4 is the strong threat. Black has good play.} 19. exd5 Nc5 20. O-O $1 Re8 21. f5 (21. Ng3 {looks sharper.} h6 22. Bd4 Qd8 23. f5 g5 24. Qf2) 21... Nce4 22. Nxe4 Nxe4 23. Bxe4 Rxe4 24. fxg6 hxg6 25. Nc3 Re8 $1 26. Bd4 Bxd4+ 27. Qxd4 Qb6 28. Qxb6 Rxb6 29. Rbe1 Re5 30. Rxe5 dxe5 $11 {[%mdl 4096] Endgame KRB-KRN} 31. Re1 f6 32. Re4 Rxb2 33. Rxc4 Bb7 (33... Bf5 $11) 34. Rc7 $16 {And now Na4 would win.} Kf8 35. g4 {Strongly threatening d6.} f5 (35... Ke8 $14) 36. gxf5 $18 gxf5 37. d6 (37. h4 $18 {has better winning chances.}) 37... Rg2+ (37... f4 $16) 38. Kf1 Rg7 $2 {[#]} (38... Rg6 $18 39. Rxb7 Rxd6) 39. Rxg7 Kxg7 40. d7 {Precision: White = 61%, Black = 38%.} 1-0

[Event "ESTCC U65 2018"]
[Site "Walbrzych"]
[Date "2018.04.15"]
[Round "2"]
[White "Baumbach, Friedrich"]
[Black "Alkkiomaki, Jyrki"]
[Result "0-1"]
[WhiteElo "2172"]
[BlackElo "1967"]
[Annotator "NA RC"]
[PlyCount "74"]
[EventDate "2018.??.??"]
[EventCountry "POL"]
[SourceTitle "playchess.com"]
[Source "ChessBase"]
[SourceQuality "1"]
[WhiteTeam "Germany"]
[BlackTeam "Finland"]
[WhiteTeamCountry "GER"]
[BlackTeamCountry "FIN"]
[TimeControl "40/5400+30:1800+30"]

1. d4 {[%emt 0:00:00]} d5 {[%emt 0:00:06]} 2. c4 {[%emt 0:00:00]} e6 {[%emt 0:00:06]} 3. Nf3 {[%emt 0:00:03]} c5 {[%emt 0:00:45]} 4. cxd5 {[%emt 0:00:11]} exd5 {[%emt 0:00:09]} 5. g3 {[%emt 0:00:14]} Nc6 {[%emt 0:00:16]} 6. Bg2 {[%emt 0:00:14]} Nf6 {[%emt 0:00:08]} 7. O-O {[%emt 0:00:22]} Be7 {[%emt 0:00:07]} 8. dxc5 {[%emt 0:00:32]} Bxc5 {[%emt 0:00:13]} 9. a3 {[%emt 0:00:12]} O-O {[%emt 0:00:27]} 10. b4 {[%emt 0:00:12]} Bd6 {[%emt 0:00:55]} 11. Bb2 {[%emt 0:00:11]} Re8 {[%emt 0:02:21]} 12. Nc3 {[%emt 0:01:23]} Bc7 {[%emt 0:11:19]} 13. Nb5 {[%emt 0:08:58]} Bb6 {[%emt 0:03:13]} 14. Qd3 {[%emt 0:04:58]} Qe7 {[%emt 0:07:56]} 15. e3 {[%emt 0:05:30]} Bg4 {[%emt 0:10:13]} 16. Nbd4 {[%emt 0:05:25]} Nxd4 17. Nxd4 Qe5 {[%emt 0:07:28]} 18. Rac1 {[%emt 0:12:51]} Qh5 $16 {[%emt 0:05:48]} 19. Rfe1 {[%emt 0:09:51]} Rad8 {[%emt 0:06:43]} 20. a4 {[%emt 0:03:16]} Rd7 {[%emt 0:03:34]} 21. a5 {[%emt 0:05:17]} Bd8 {[%emt 0:01:38]} 22. Rc2 {[%emt 0:12:11]} a6 {[%emt 0:06:48]} 23. Rec1 {[%emt 0:07:10]} Rde7 {[%emt 0:01:14]} 24. Ne2 {[%emt 0:02:04]} Bf5 {[%emt 0:02:12]} 25. Qd2 {[%emt 0:02:57]} Bxc2 {[%emt 0:01:39]} 26. Rxc2 {[%emt 0:00:02]} Ne4 {[%emt 0:04:42]} 27. Qd4 {[%emt 0:02:08]} Nf6 {[%emt 0:02:41]} 28. Nf4 {[%emt 0:05:14]} Qf5 {[%emt 0:00:41]} 29. Rc1 {[%emt 0:00:32]} Rc7 {[%emt 0:02:55]} 30. Rxc7 {[%emt 0:01:16]} Bxc7 {[%emt 0:00:09]} 31. Nxd5 {[%emt 0:00:33]} Be5 {[%emt 0:00:43]} 32. Nxf6+ {[%emt 0:05:17]} gxf6 {[%emt 0:00:20]} 33. Qd2 {[%emt 0:00:52]} Qb1+ {[%emt 0:00:17]} 34. Bc1 {[%emt 0:00:19]} Rc8 {[%emt 0:00:07]} 35. Bxb7 {[%emt 0:00:59]} Qxc1+ {[%emt 0:01:19]} 36. Qxc1 {[%emt 0:00:01]} Rxc1+ {[%emt 0:00:15]} 37. Kg2 {[%emt 0:00:02]} Rb1 {[%emt 0:00:34]} 0-1

[Event "ESTCC U65 2018"]
[Site "Walbrzych"]
[Date "2018.04.15"]
[Round "2"]
[White "Malmdin, Nils-Ake"]
[Black "Karppinen, Martti"]
[Result "1-0"]
[WhiteElo "2154"]
[BlackElo "1894"]
[Annotator "NA RC"]
[PlyCount "75"]
[EventDate "2018.??.??"]
[EventCountry "POL"]
[SourceTitle "playchess.com"]
[Source "ChessBase"]
[SourceQuality "1"]
[WhiteTeam "Sweden"]
[BlackTeam "Finland"]
[WhiteTeamCountry "SWE"]
[BlackTeamCountry "FIN"]
[TimeControl "40/5400+30:1800+30"]

1. e4 {[%emt 0:00:00]} d6 {[%emt 0:00:18]} 2. d4 {[%emt 0:00:11]} e5 {[%emt 0:00:15]} 3. Nf3 {[%emt 0:01:00]} Bg4 {[%emt 0:01:50]} 4. dxe5 {[%emt 0:11:24]} Bxf3 {[%emt 0:01:53] C41: Philidor Defence} (4... Nd7 5. exd6 Bxd6 6. Nc3 Ngf6 7. Be2 Qe7 8. Nd4 Bxe2 9. Qxe2 Bb4 10. O-O Bxc3 11. bxc3 O-O 12. f3 Qc5 13. Qe3 Rfe8 14. Nf5 {1-0 (27) Mareco,S (2591)-Tristan,L (2444) Buenos Aires 2011}) 5. gxf3 {[%emt 0:02:30]} dxe5 {[%emt 0:01:31]} 6. Qxd8+ {[%emt 0:00:11]} Kxd8 {[%emt 0:00:40]} 7. Rg1 {[%emt 0:00:35]} Nd7 $146 {[%emt 0:02:26]} ({Predecessor:} 7... Nc6 8. c3 f6 9. Be3 Nge7 10. Na3 a6 11. Nc2 Ng6 12. O-O-O+ {1-0 (33) Nieto Rubio,J (1901)-Pablos Ceruelo,O Madrid 2009}) 8. Nc3 {[%emt 0:04:59]} c6 {[%emt 0:02:40]} 9. Be3 {[%emt 0:03:30]} Kc7 {[%emt 0:03:07]} 10. O-O-O {[%emt 0:01:58]} g6 {[%emt 0:08:07]} 11. Bh3 {[%emt 0:03:35]} Ngf6 {[%emt 0:10:56]} 12. Bg5 {[%emt 0:18:35]} h5 {[%emt 0:11:55]} 13. f4 {[%emt 0:02:33]} Bh6 {[%emt 0:06:38]} 14. fxe5 {[%emt 0:09:39]} Nxe5 {[%emt 0:02:02]} 15. Bxh6 $1 {[%emt 0:00:37]} Rxh6 {[%emt 0:00:26]} 16. f4 {[%emt 0:00:47]} Neg4 {[%emt 0:04:41]} 17. e5 {[%emt 0:05:56]} Nf2 {[%emt 0:05:08]} 18. exf6 {[%emt 0:02:44]} Nxh3 {[%emt 0:02:03]} 19. Rge1 {[%emt 0:00:01]} Nxf4 {[%emt 0:10:10]} 20. Re7+ {[%emt 0:00:58]} Kb6 {[%emt 0:00:33]} 21. Na4+ {[%emt 0:04:51]} Ka5 {[%emt 0:07:20]} 22. Nc5 {[%emt 0:05:57]} b6 {[%emt 0:02:30]} 23. Nb3+ {[%emt 0:03:51]} Ka6 {[%emt 0:01:03]} 24. Rxf7 {[%emt 0:00:52]} Nd5 {[%emt 0:04:29]} 25. c4 {[%emt 0:02:49]} Ne3 $18 {[%emt 0:01:05]} 26. Rd4 {[%emt 0:00:38]} g5 {[%emt 0:00:34]} 27. Re4 {[%emt 0:01:13]} Ng4 {[%emt 0:00:44]} 28. Re6 {[%emt 0:00:13]} Rg6 {[%emt 0:05:18]} 29. Nd4 {[%emt 0:00:36]} c5 {[%emt 0:01:00]} 30. Nb5 {[%emt 0:00:26]} Ka5 {[%emt 0:00:52]} 31. a3 {[%emt 0:00:50]} a6 {[%emt 0:00:50]} 32. Nd6 {[%emt 0:02:41]} Rb8 {[%emt 0:00:52]} 33. b3 {[%emt 0:01:59]} Rh6 {[%emt 0:01:26]} 34. Kb2 {[%emt 0:00:42]} Rg6 {[%emt 0:00:32]} 35. Kc3 {[%emt 0:00:16]} Nf2 {[%emt 0:00:22]} 36. b4+ {[%emt 0:00:33]} cxb4+ {[%emt 0:00:22]} 37. axb4+ {[%emt 0:00:15]} Ka4 {[%emt 0:00:12]} 38. Re1 {[%emt 0:00:09]} 1-0

[Event "ESTCC U65 2018"]
[Site "Walbrzych"]
[Date "2018.04.15"]
[Round "2"]
[White "Giulian, Philip M"]
[Black "Sorensen, Bent"]
[Result "1-0"]
[WhiteElo "2124"]
[BlackElo "2158"]
[Annotator "NA RC"]
[PlyCount "51"]
[EventDate "2018.??.??"]
[EventCountry "POL"]
[SourceTitle "playchess.com"]
[Source "ChessBase"]
[SourceQuality "1"]
[WhiteTeam "Scotland"]
[BlackTeam "Denmark"]
[WhiteTeamCountry "SCO"]
[BlackTeamCountry "DEN"]
[TimeControl "40/5400+30:1800+30"]

1. d4 {[%emt 0:00:00]} d5 {[%emt 0:00:04]} 2. c4 {[%emt 0:00:00]} e6 {[%emt 0:00:05]} 3. Nc3 {[%emt 0:00:00]} c6 {[%emt 0:00:06]} 4. Nf3 {[%emt 0:00:00]} Nf6 {[%emt 0:00:10]} 5. e3 {[%emt 0:00:03]} Nbd7 {[%emt 0:00:04]} 6. Bd3 {[%emt 0:00:18]} Bd6 {[%emt 0:00:15]} 7. e4 {[%emt 0:00:14]} Nxe4 {[%emt 0:00:10]} 8. Nxe4 {[%emt 0:00:14]} dxe4 9. Bxe4 {[%emt 0:00:16]} c5 {[%emt 0:00:17]} 10. O-O {[%emt 0:00:55]} Qc7 {[%emt 0:00:50] D46: Semi-Slav: 5 e3 Nbd7 6 Bd3, Black avoids the Meran} (10... O-O 11. Bc2 Qc7 12. Qd3 f5 13. Rd1 cxd4 14. Qxd4 Bc5 15. Qc3 a5 16. Be3 b6 17. Bxc5 bxc5 18. Ba4 Nb6 19. Bb5 Bd7 {1-0 (35) Fressinet,L (2712)-Hansen,C (2621) Oslo 2015}) 11. dxc5 {[%emt 0:21:06] LiveBook: 3 Games} Bxc5 {[%emt 0:02:16]} 12. b3 {[%emt 0:00:17]} O-O $146 {[%emt 0:03:18]} ({Predecessor:} 12... Nf6 13. Bc2 Qe7 14. Bb2 Ba3 15. Bc3 Bd7 16. Ne5 Bb4 17. Bb2 Ba3 18. Bxa3 Qxa3 {1-0 (62) Schmidt,G-Tresch,R (2312) Germany 2001}) 13. Bb2 {[%emt 0:04:05]} f6 {[%emt 0:11:22]} 14. Rc1 {[%emt 0:31:03]} Re8 {[%emt 0:16:47]} 15. Ng5 {[%emt 0:00:19]} Nf8 {[%emt 0:10:48]} 16. Nxh7 {[%emt 0:01:14]} Qf4 {[%emt 0:10:14]} 17. Bb1 {[%emt 0:13:47]} Re7 {[%emt 0:07:57]} 18. Nxf8 {[%emt 0:01:43]} Kxf8 {[%emt 0:00:12]} 19. Qh5 {[%emt 0:00:16]} e5 {[%emt 0:06:28]} 20. Qh8+ {[%emt 0:09:41]} Kf7 {[%emt 0:01:51]} 21. Bh7 {[%emt 0:00:02]} Bh3 $18 {[%emt 0:05:03]} (21... Bf5 22. Qxa8 Bxh7) 22. Qxa8 {[%emt 0:00:23]} f5 {[%emt 0:03:31]} 23. Qg8+ {[%emt 0:02:36]} Kf6 {[%emt 0:00:08]} 24. Qf8+ {[%emt 0:00:27]} Kg5 {[%emt 0:00:38]} 25. Rc3 {[%emt 0:00:44]} Bg4 {[%emt 0:01:39]} 26. Bc1 1-0